Dirigeants des 50 premières puissances économiques mondiales - Statistiques

Statistiques générales
  • Ce quiz a été pris 190 fois
  • Le résultat moyen est 10 sur 50
Statistiques - réponses
Hint Réponse % Correct
1 Etats-Unis Joe Biden
100%
7 France Emmanuel Macron
94%
8 Russie Vladimir Poutine
91%
2 Chine Xi Jinping
78%
9 Canada (premier ministre) Justin Trudeau
65%
11 Brésil Lula
65%
19 Turquie Recep Tayyip Erdoğan
61%
10 Italie (président du conseil) Giorgia Meloni
58%
4 Allemagne (chancelier) Olaf Scholz
56%
5 Inde (premier ministre) Narendra Modi
42%
6 Royaume-Uni (premier ministre) Rishi Sunak
42%
28 Israël (premier ministre) Benyamin Netanyahou
38%
15 Espagne (président du gouvernement) Pedro Sánchez
38%
33 Egypte Abdel Fattah al-Sissi
24%
31 Venezuela Nicolás Maduro
24%
17 Arabie Saoudite (premier ministre) Mohammed ben Salmane
17%
18 Pays-Bas (premier ministre) Mark Rutte
14%
22 Pologne Andrzej Duda
13%
26 Belgique (premier ministre) Alexander De Croo
10%
14 Mexique Andrés Manuel López Obrador
10%
3 Japon (premier minsitre) Fumio Kishida
10%
39 Afrique du Sud Cyril Ramaphosa
9%
23 Argentine Alberto Fernández
8%
12 Australie (premier ministre) Anthony Albanese
7%
42 Iran Ebrahim Raïssi
6%
41 Danemark (premier ministre) Mette Frederiksen
6%
44 Colombie Gustavo Petro
5%
16 Indonésie Joko Widodo
4%
49 Portugal Marcelo Rebelo de Sousa
3%
45 Roumanie Klaus Iohannis
2%
27 Irlande Michael D. Higgins
2%
46 République Tchèque Petr Pavel
2%
48 Irak Abdel Latif Rachid
1%
20 Suisse Alain Berset
1%
32 Nigéria Bola Tinubu
1%
40 Philippines Ferdinand Marcos Jr.
1%
25 Norvège Jonas Gahr Støre
1%
34 Autriche (chancelier) Karl Nehammer
1%
47 Finlande Sauli Niinistö
1%
21 Taïwan Tsai Ing-wen
1%
13 Corée du Sud Yoon Seok-youl
1%
38 Malaisie Anwar Ibrahim
0%
43 Pakistan Arif Alvi
0%
50 Nouvelle-Zélande (premier ministre) Chris Hipkins
0%
29 Emirats arabes unis Mohammed ben Zayed Al Nahyane
0%
36 Bangladesh Shahabuddin Chuppu
0%
30 Thaïlande (premier ministre) Srettha Thavisin
0%
35 Singapour Tharman Shanmugaratnam
0%
24 Suède (premier ministre) Ulf Kristersson
0%
37 Viêt-Nam Võ Văn Thưởng
0%
Aucun quiz correspondant
Distribution des résultats
% des personnes avec chaque résultat
Percentile par nombre de réponses
Votre historique - résultats
Vous n’avez pas pris ce quiz